National Anthem of Switzerland (German) - Schweizerpsalm - Statistics

General Stats
  • This quiz has been taken 17 times
  • The average score is 30 of 40
Answer Stats
Lyrics % Correct
im
92%
im
92%
im
92%
im
92%
daher,
83%
dich
83%
Dich,
83%
fromme
83%
fromme
83%
ich
83%
Morgenrot
83%
Schweizer,
83%
Seh'
83%
Strahlenmeer,
83%
ahnt...
75%
ahnt...
75%
Betet,
75%
betet,
75%
du
75%
Herrlicher!
75%
Hocherhabener,
75%
rötet,
75%
Seele
75%
Seele
75%
Trittst
75%
Vaterland!
75%
Vaterland!
75%
Alpenfirn
67%
der
67%
Eure
67%
Eure
67%
freie
67%
Gott
67%
Gott,
67%
sich
67%
Wenn
67%
hehren
58%
hehren
58%
den
50%
Herrn
50%
No matching quizzes found
Score Distribution
Percent of People with Each Score
Percentile by Number Answered
Your Score History
You have not taken this quiz